| 000 | 006350000a22002050004500 | ||
|---|---|---|---|
| 003 | LK-CoMWRAF | ||
| 008 | 230817t1988 ||||| |||| 00| 0 eng d | ||
| 020 | _a074500475X | ||
| 040 |
_aLK-CoMWRAF _dLK-CoMWRAF _eLK-CoMWRAF |
||
| 041 | _aeng | ||
| 082 |
_a355 _bINT |
||
| 111 | _aINTERNATIONAL PEACE BUREAU AND PEACE UNION OF FINLAND | ||
| 245 | _aWomen and the military system | ||
| 260 |
_aNew York: _bHarvester, _c1988 |
||
| 300 |
_avii, 455 p. ; 23 cm. _bBibliography and Index included |
||
| 650 | _aWOMEN AND THE MILITARY--Congresses. | ||
| 650 | _aWomen, influence of militarism | ||
| 700 |
_aIsaksson, Eva _eed. |
||
| 942 | _cBK | ||
| 999 |
_c2014 _d2014 |
||